| 000 | 00664nam a2200169 a 4500 | ||
|---|---|---|---|
| 001 | 000028401 | ||
| 005 | 20240305073654.0 | ||
| 008 | 110408s1958 dr 000 0 spa d | ||
| 040 |
_aDO-SdBNP _bspa _cBNPHU |
||
| 100 | 1 |
_aCipriano de Ultrea, Francisco _955355 |
|
| 245 | 1 | 0 |
_aPara la historia de América / _cFrancisco Cipriano de Ultrea ; prefacio de Emilio Rodríguez Demorizi. |
| 260 |
_aCiudad Trujillo, República Dominicana : _bImprenta Dominicana, _c1958. |
||
| 300 |
_a271 p. ; _c25 cm. |
||
| 500 | _aIncluye índice | ||
| 500 | _aIncluye referencias bibliográficas y notas al pie de las páginas | ||
| 700 | 1 |
_aRodríguez Demorizi, Emilio, _d1908-1986 _91039 |
|
| 999 |
_c27893 _d27893 |
||